Bioprospecting in practice (Registro nro. 12965)

Detalles MARC
000 -CABECERA
Campo de control 008290000a22002410004500
090 ## - CLASIFICACIÓN LOCAL
Colección AR
Consecutivo 03931
041 0# - IDIOMA
Código de idioma para texto/pista de sonido o título separado
100 1# - ASIENTO PRINCIPAL--NOMBRE PERSONAL
Nombre personal Guerin McManus, Marianne
245 10 - MENCION DE TITULO
Título Bioprospecting in practice
Version a case study of the suriname ICBG project and benefits sharing under the convention on biological diversity
500 ## - NOTA GENERAL
Nota general <Colección Recursos Genéticos>
650 14 - ASIENTO SECUNDARIO DE MATERIA - TERMINO TEMATICO
Término temático o nombre geográfico como elemento de entrada Recursos genéticos
650 14 - ASIENTO SECUNDARIO DE MATERIA - TERMINO TEMATICO
Término temático o nombre geográfico como elemento de entrada Bioquímica
650 14 - ASIENTO SECUNDARIO DE MATERIA - TERMINO TEMATICO
Término temático o nombre geográfico como elemento de entrada Desarrollo económico
650 14 - ASIENTO SECUNDARIO DE MATERIA - TERMINO TEMATICO
Término temático o nombre geográfico como elemento de entrada Conocimiento tradicional
651 #4 - ASIENTO SECUNDARIO DE MATERIA - NOMBRE GEOGRAFICO
-- Surinam
700 1# - ASIENTO SECUNDARIO - NOMBRE PERSONAL
Nombre personal Famolare, Lisa M.
700 1# - ASIENTO SECUNDARIO - NOMBRE PERSONAL
Nombre personal Bowles, Ian A.
700 1# - ASIENTO SECUNDARIO - NOMBRE PERSONAL
Nombre personal Stanley A., Malone
700 1# - ASIENTO SECUNDARIO - NOMBRE PERSONAL
Nombre personal Mittermeier, Russell A.
700 1# - ASIENTO SECUNDARIO - NOMBRE PERSONAL
Nombre personal Rosenfeld, Amy B.
773 1# - Item fuente:
Título Preprint
Paginas del Articulo 1-19
Lugar, editorial y fecha de publicación [1997?]
942 ## - ELEMENTOS ADICIONALES (KOHA)
Tipo de ítem Artículo
Existencias
Withdrawn status Lost status Damaged status No para préstamo Colección Ubicación Permanente Ubicación actual Fecha de adquisición Datos de publicación Seriada Total Checkouts Número topográfico Inventario / Código de Barras Date last seen Price effective from Forma de adquisición Tipo de material
      No para Préstamo Hemeroteca Bogotá Bogotá 27/02/2015 Fuera de circulación   AR 03931 017484 25/03/2015 25/03/2015   Artículo